000 00521nam a22001697a 4500
005 20251218121632.0
008 251218b |||||||| |||| 00| 0 eng d
020 _a978 81 7371 754 3
100 _aKASHI, ANUSUYA R.
245 _aTEXTBOOK OF INDUSTRIAL PHARMACOGNOSY
260 _aHIMAYATNAGAR, HYDERABAD
_bUNIVERSITIES PRESS
_c2012
300 _aXV, 219P.
500 _aINCLUDES INDEX
650 _a1. PHARMACOGNOSY - TEXTBOOKS 2. MEDICINAL PLANTS -THERAPAUTIC USE
700 _aRAMACHANDRAN, S
942 _2lcc
_cBK
999 _c216355
_d216355